[Event "SWE-chT 1112"]
[Site "Sweden"]
[Date "2012.03.09"]
[Round "7"]
[White "Malmstig, Erik"]
[Black "Andreasson, Ingvar"]
[Result "1/2-1/2"]
[WhiteElo "2266"]
[BlackElo "2337"]
[PlyCount "107"]
[EventDate "2011.10.07"]
[EventType "team-tourn"]
[EventRounds "9"]
[EventCountry "SWE"]
[SourceTitle "EXT 2013"]
[Source "ChessBase"]
[SourceDate "2012.11.22"]
[SourceVersion "1"]
[SourceVersionDate "2012.11.22"]
[SourceQuality "1"]
[WhiteTeam "Umea Rockaden"]
[BlackTeam "Kamraterna"]
[WhiteTeamCountry "SWE"]
[BlackTeamCountry "SWE"]

1. d4 g6 2. e4 Bg7 3. h4 h5 4. Bc4 c5 5. Qf3 d5 6. Bxd5 e6 7. Bb3 cxd4 8. Bg5 Qa5+ 9. Bd2 Qc5 10. Ne2 Nc6 11. Nc1 Qe7 12. Nd3 e5 13. Na3 Nf6 14. Qe2 Be6 15. Ba4 0-0 16. Bxc6 bxc6 17. Bb4 Qb7 18. Bxf8 Bxf8 19. 0-0 Ng4 20. Rfb1 Rb8 21. Qe1 Qa6 22. f3 Ne3 23. Nxe5 Bd6 24. f4 Bxe5 25. fxe5 Ng4 26. Qg3 Rb4 27. Kh1 Qb6 28. b3 a5 29. Rf1 Qc5 30. Rac1 Qe7 31. Nb1 Rb5 32. Nd2 Rxe5 33. Rf4 Rc5 34. Nf3 Rc3 35. e5 c5 36. Rf1 Bd5 37. Qe1 Re3 38. Qg3 Re2 39. Rxg4 hxg4 40. Qxg4 Bxf3 41. Qxf3 Rxe5 42. Qa8+ Kg7 43. Qxa5 Re2 44. Qa8 Qxh4+ 45. Kg1 Qe7 46. Qd5 Rxc2 47. b4 Qe3+ 48. Kh1 Qe6 49. Qd8 Qe5 50. bxc5 Rxc5 51. Qd7 Qd5 52. Rxf7+ Qxf7 53. Qxd4+ Kh7 54. Qxc5 1/2-1/2